Realities; (Record no. 5641)
[ view plain ]
| 000 -LEADER | |
|---|---|
| fixed length control field | 00718cam a22002291 4500 |
| 001 - CONTROL NUMBER | |
| control field | 8002636 |
| 003 - CONTROL NUMBER IDENTIFIER | |
| control field | GBCCL |
| 005 - DATE AND TIME OF LATEST TRANSACTION | |
| control field | 20241126110546.0 |
| 008 - FIXED-LENGTH DATA ELEMENTS--GENERAL INFORMATION | |
| fixed length control field | 770909s1966 xx 000 0 eng |
| 010 ## - | |
| -- | 66018951 |
| 035 ## - SYSTEM CONTROL NUMBER | |
| System control number | (OCoLC)3252884 |
| 040 ## - CATALOGING SOURCE | |
| Original cataloging agency | DLC |
| Transcribing agency | TxDaM-P |
| Modifying agency | ODaU |
| -- | DLC |
| 042 ## - | |
| -- | premarc |
| 050 00 - | |
| -- | BX8071.5 |
| -- | .S3313 |
| 082 ## - DEWEY DECIMAL CLASSIFICATION NUMBER | |
| Classification number | 248.2 |
| Item number | SCH |
| 100 1# - MAIN ENTRY--PERSONAL NAME | |
| Personal name | Schlink, Basilea. |
| 9 (RLIN) | 2843 |
| 245 10 - TITLE STATEMENT | |
| Title | Realities; |
| Remainder of title | the miracles of God experienced today |
| Statement of responsibility, etc. | [by] M. Basilea Schlink. Translated by Larry Christenson and William Castell. |
| 260 ## - PUBLICATION, DISTRIBUTION, ETC. | |
| Place of publication, distribution, etc. | Grand Rapids, |
| Name of publisher, distributor, etc. | Zondervan Pub. House |
| Date of publication, distribution, etc. | [1966] |
| 300 ## - PHYSICAL DESCRIPTION | |
| Extent | 128 p. |
| Dimensions | 21 cm. |
| 906 ## - LOCAL DATA ELEMENT F, LDF (RLIN) | |
| a | 7 |
| b | cbc |
| c | oclcrpl |
| d | u |
| e | ncip |
| f | 19 |
| g | y-gencatlg |
| 942 ## - ADDED ENTRY ELEMENTS (KOHA) | |
| Source of classification or shelving scheme | Dewey Decimal Classification |
| Koha item type | Books |
| Koha issues (borrowed), all copies | 1 |
| Withdrawn status | Lost status | Source of classification or shelving scheme | Damaged status | Not for loan | Home library | Current Library | Shelving location | Date acquired | Total checkouts | Full call number | Barcode | Date last seen | Copy number | Price effective from | Koha item type | Date last checked out |
|---|---|---|---|---|---|---|---|---|---|---|---|---|---|---|---|---|
| Dewey Decimal Classification | GRACE BIBLE COLLEGE | GRACE BIBLE COLLEGE | Ministry & Mission | 2018-04-03 | 248.2 SCH | 005042 | 2025-05-01 | c.1 | 2018-04-03 | Books | ||||||
| Dewey Decimal Classification | GRACE BIBLE COLLEGE | GRACE BIBLE COLLEGE | Ministry & Mission | 2018-04-13 | 1 | 248.2 SCH | 005044 | 2025-05-01 | c.2 | 2018-04-13 | Books | 2022-07-18 | ||||
| Dewey Decimal Classification | GRACE BIBLE COLLEGE | GRACE BIBLE COLLEGE | Ministry & Mission | 2018-05-02 | 248.2 SCH | 005054 | 2025-05-01 | c.3 | 2018-05-02 | Books |